[Event "7. Europameisterschaft"]
[Site "Kusadasi"]
[Date "2006.04.15"]
[Round "11"]
[White "Kosintseva, Tatiana"]
[Black "Gasthofer, Alexander"]
[Result "1/2-1/2"]
[WhiteElo "2489"]
[BlackElo "2415"]
[PlyCount "99"]
[EventDate "2006.04.03"]

1.e4 e6 2.d4 d5 3.Nc3 dxe4 4.Nxe4 Nd7 5.Nf3 Ngf6 6.Nxf6+ Nxf6 7.c3 c5 8.Ne5 a6
9.Qa4+ Bd7 10.Nxd7 Qxd7 11.Qxd7+ Kxd7 12.dxc5 Bxc5 13.Be2 Rad8 14.Bf4 Kc8 15.Rd1
Rxd1+ 16.Bxd1 Rd8 17.Bc2 h6 18.Ke2 Nd5 19.Bc1 Be7 20.g3 Bg5 21.f4 Be7 22.Kf3 Nf6
23.Re1 Bd6 24.g4 Nd5 25.h3 Kc7 26.a3 b5 27.Bb3 Bc5 28.f5 exf5 29.gxf5 f6 30.Re6
Kb7 31.a4 Nc7 32.Re2 Rd3+ 33.Kg4 Nd5 34.Bc2 Ne3+ 35.Bxe3 Rxe3 36.Rxe3 Bxe3
37.Kh5 Kc6 38.Kg6 h5 39.Kxh5 a5 40.Kg6 Bh6 41.Kf7 bxa4 42.Bxa4+ Kc5 43.Bb3 Kb5
44.h4 Kc5 45.h5 Kb5 46.Ke6 Kc5 47.Ba4 Bc1 48.b3 Bd2 49.Be8 Bh6 50.Bd7 1/2-1/2

[Event "7th EuropCh Men"]
[Site "Kusadasi / Turkey"]
[Date "2006.04.15"]
[Round "11"]
[Board "1"]
[White "Williams, Simon"]
[Black "Meier, Georg"]
[Result "0-1"]
[WhiteElo "2478"]
[BlackElo "2407"]
[PlyCount "62"]
[EventDate "2006.04.03"]

1.d4 e6 2.e4 d5 3.exd5 exd5 4.c4 Nf6 5.Nc3 Bb4 6.Bd3 O-O 7.Nf3 Re8+ 8.Be3 dxc4
9.Bxc4 Be6 10.Qb3 Bxc3+ 11.bxc3 Bxc4 12.Qxc4 Nc6 13.O-O Qd5 14.Qd3 Na5 15.Nd2 b5
16.a4 a6 17.Bf4 c5 18.axb5 c4 19.Qg3 Nh5 20.Qg5 Nxf4 21.Qxd5 Nxd5 22.Rxa5 axb5
23.Nxc4 Nxc3 24.Rxa8 Rxa8 25.Nb6 Rd8 26.Re1 Kf8 27.d5 Rd6 28.Na8 Nxd5 29.Rd1 Ke7
30.g3 Kd7 31.Ra1 Kc8 0-1

[Event "7. Europameisterschaft"]
[Site "Kusadasi"]
[Date "2006.04.15"]
[Round "11"]
[White "Kurmann, Oliver"]
[Black "Bogner, Sebastian"]
[Result "1-0"]
[WhiteElo "2297"]
[BlackElo "2329"]
[PlyCount "85"]
[EventDate "2006.04.03"]

1.e4 c5 2.Nc3 Nc6 3.Nf3 e5 4.Bc4 Be7 5.d3 d6 6.O-O Nf6 7.Ng5 O-O 8.f4 Bg4 9.Qe1
exf4 10.Bxf4 Nd4 11.Qd2 Qd7 12.Be3 h6 13.Nf3 Bxf3 14.gxf3 Kh7 15.a4 Rad8 16.Qg2
a6 17.a5 Nc6 18.Kh1 Nh5 19.Nd5 Ne5 20.Bb3 Ng6 21.Rg1 Rg8 22.Nb6 Qe8 23.Ba4 Qf8
24.Nd7 Rxd7 25.Bxd7 Ngf4 26.Qd2 g5 27.c3 d5 28.d4 c4 29.b3 cxb3 30.Rgb1 Kh8
31.Rxb3 Qb8 32.Rb6 dxe4 33.fxe4 Bd6 34.c4 Bc7 35.Rb3 g4 36.e5 Rd8 37.Bxg4 Bxe5
38.Qf2 Bc7 39.Bxh5 Nxh5 40.Qh4 Ng7 41.Rg1 Rd6 42.Bxh6 Nf5 43.Bg7+ 1-0

[Event "7. Europameisterschaft"]
[Site "Kusadasi"]
[Date "2006.04.15"]
[Round "11"]
[White "Michalczak, Thomas"]
[Black "Narciso Dublan, Marc"]
[Result "0-1"]
[WhiteElo "2334"]
[BlackElo "2510"]
[PlyCount "42"]
[EventDate "2006.04.03"]

1.e4 d6 2.d4 Nf6 3.Nc3 g6 4.f4 Bg7 5.Nf3 O-O 6.Bd3 Nc6 7.e5 dxe5 8.fxe5 Nh5
9.Be3 Bg4 10.Ne2 f6 11.exf6 Nxf6 12.Bc4+ Nd5 13.Qd2 Bxf3 14.gxf3 Rxf3 15.Nf4 e6
16.Nxe6 Qh4+ 17.Bf2 Rxf2 18.Qxf2 Qe4+ 19.Kd1 Qxh1+ 20.Kd2 Bh6+ 21.Nf4 Qe4 0-1